书目信息 |
| 题名: |
宋代画院
|
|
| 作者: | 于丹 编著 | |
| 分册: | ||
| 出版信息: | 长春 吉林文史出版社 2018重印 |
|
| 页数: | 120页 | |
| 开本: | 23cm | |
| 丛书名: | 中国文化知识读本 | |
| 单 册: | ||
| 中图分类: | J209.244 | |
| 科图分类: | ||
| 主题词: | 画院--Hua Yuan--简介--中国--宋代 , 绘画史--hui hua shi--中国--宋代 | |
| 电子资源: | ||
| ISBN: | 978-7-5463-1998-8 | |
| 000 | 00990nam 2200277 45 | |
| 001 | 012001009680 | |
| 005 | 20140103111733.0 | |
| 010 | @a978-7-5463-1998-8@dCNY34.80 | |
| 099 | @aCAL 012010232739 | |
| 100 | @a20101108d2010 em y0chiy50 ea | |
| 101 | 0 | @achi |
| 102 | @aCN@b220000 | |
| 105 | @aafh z 000yd | |
| 106 | @ar | |
| 200 | 1 | @a宋代画院@ASong Dai Hua Yuan@f编著于丹 |
| 210 | @a长春@c吉林文史出版社@d2018重印 | |
| 215 | @a120页@c图, 摹真@d23cm | |
| 225 | 2 | @a中国文化知识读本@AZhong Guo Wen Hua Zhi Shi Du Ben |
| 330 | @a本书分为五部分,内容包括:宋代画院发展的历史背景、宋代画院教育体制的完善、宋代画院的审美旨趣、北宋画院代表画家及艺术成就等。 | |
| 410 | 0 | @12001@a中国文化知识读本 |
| 606 | 0 | @a画院@AHua Yuan@x简介@y中国@z宋代 |
| 606 | 0 | @a绘画史@Ahui hua shi@y中国@z宋代 |
| 690 | @aJ209.244@v4 | |
| 701 | 0 | @a于丹@AYu Dan@c(翻译),@f1965-@4编著@3CAL n2004006763#@7jt0yjt0y@7ec0yec0y |
| 801 | 2 | @aCN@b上海新华@c20191020 |
| 905 | @b1189104-6@dJ209.244@e1101@f3 | |
| 宋代画院/编著于丹.-长春:吉林文史出版社,2018重印 |
| 120页:图, 摹真;23cm.-(中国文化知识读本) |
| ISBN 978-7-5463-1998-8:CNY34.80 |
| 本书分为五部分,内容包括:宋代画院发展的历史背景、宋代画院教育体制的完善、宋代画院的审美旨趣、北宋画院代表画家及艺术成就等。 |
| ● |
| 相关链接 |
|
|
|
|
正题名:宋代画院
索取号:J209.244/1101
 
预约/预借
| 序号 | 登录号 | 条形码 | 馆藏地/架位号 | 状态 | 备注 |
| 1 | 1189104 | 211891041 | 第一样本阅览室/ [索取号:J209.244/1101] | 在馆 | |
| 2 | 1189105 | 211891050 | 第一借阅区/ [索取号:J209.244/1101] | 在馆 | |
| 3 | 1189106 | 211891069 | 第一借阅区/ [索取号:J209.244/1101] | 在馆 |